000 00796na a2200265 4500
001 21335
003 MIRAKIL
005 20181213154744.0
008 170203b tu 000 0
035 _a21055
040 _aMilas
_btur
_cTR-AnCHP
041 _atur
082 _a324.2383
_bB99t [t.y.]
090 _a324.2383 B99t [t.y.]
110 _aBüyük Birlik Partisi (BBP)
245 _aTerörle mücadele için öneriler
_cBBP
260 _aAnkara
_bBBP
_c[t.y.]
300 _a16 s.
_c21 sm.
610 _aBüyük Birlik Partisi (BBP)
_xTerörle mücadele
_yÖneriler
610 _aBüyük Birlik Partisi (BBP)
_xPropaganda ve ideolojiler
650 _aMilliyetçi partiler
_zTürkiye
710 _aBüyük Birlik Partisi (BBP)
830 _aBüyük Birlik Partisi
942 _2ddc
_cBKS
999 _c317
_d317